|
|
|
แสดงรายละเอียดบรรณานุกรม |
|
|
Brief Record
: Get Marc (ISO 2709)
: E-mail record
: |
|
|
| LEADER 00000nam 2200000uu 4500 | |||
| 001 13399128793 | |||
| 003 BCNR | |||
| 008 260506s2568||||th 000 0 tha d | |||
| 020 ^a9786166297461 | |||
| 041 ^atha | |||
| 060 4 ^aWY152^bป545ก 2568 | |||
| 100 0 ^aปาณิสรา ส่งวัฒนายุทธ | |||
| 245 00 ^aการพยาบาลผู้ใหญ่และผู้สูงอายุที่มีปัญหาทางตาแบบองค์รวม =^bHolistic nursing care for adults and older adults with eye problems /^cปาณิสรา ส่งวัฒนายุทธ | |||
| 246 31 ^aHolistic nursing care for adults and older adults with eye problems | |||
| 250 ^aพิมพ์ครั้งที่ 1 | |||
| 260 ^aเพชรบุรี :^bมุมหนึ่งปริ้นติ้ง,^c2568 | |||
| 300 ^a231 หน้า :^bภาพประกอบสี, ตาราง ;^c26 ซม. | |||
| 505 0 ^aบทที่ 1 แนวคิดและหลักการพยาบาลแบบองค์รวมผู้ใหญ่และผู้สูงอายุที่มีปัญหาทางตา --บทที่ 2 การพยาบาลผู้ใหญ่และผู้สูงอายุที่เป็นต้อหินแบบองค์รวม -- บทที่ 3 การพยาบาลสำหรับผู้ใหญ่และผู้สูงอายุที่มีการบาดเจ็บทางตาแบบองค์รวม -- บทที่ 4 การพยาบาลผู้ใหญ่และผู้สูงอายุที่มีจอตาลอกแบบองค์รวม -- บทที่ 5 การพยาบาลผู้ใหญ่และผู้สูงอายุที่เป็นโรคจอตาเสื่อมแบบองค์รวม -- บทที่ 6 การพยาบาลผู้ใหญ่และผู้สูงอายุที่มีเบาหวานขึ้นจอตาแบบองค์รวม -- บทที่ 7 กรณีศึกษาและการพยาบาลผู้ใหญ่และผู้สูงอายุที่มีปัญหาการมองเห็นแบบองค์รวม | |||
| 650 4 ^aการพยาบาลผู้สูงอายุ | |||
| 650 4 ^aตา,โรค^xการพยาบาล | |||
| 650 4 ^aผู้สูงอายุ^xการดูแลและสุขวิทยา | |||
| 650 4 ^aผู้สูงอายุ^xโรค | |||
| 650 4 ^aตา^xโรค^xผู้ป่วย^xการดูแล | |||
| 999 ^aบรรณารักษ์ | |||
| คุณยังไม่ได้ล็อกอิน คุณสามารถมีกิจกรรมร่วมกับเว็บไซต์ได้ แต่ต้องล็อกอินก่อน :: |
|
| สถานะ | |||||||||
| 1. | หนังสือ | WY152 ป545ก 2568 c.1 Barcode: 087850 | ►หนังสือทั่วไป | On Shelf | |||||
| 2. | หนังสือ | WY152 ป545ก 2568 c.2 Barcode: 087851 | ►หนังสือทั่วไป | On Shelf | |||||
| 3. | หนังสือ | WY152 ป545ก 2568 c.3 Barcode: 087852 | ►หนังสือทั่วไป | On Shelf | |||||
| 4. | หนังสือ | WY152 ป545ก 2568 c.4 Barcode: 087853 | ►หนังสือทั่วไป | On Shelf | |||||
| 5. | หนังสือ | WY152 ป545ก 2568 c.5 Barcode: 087854 | ►หนังสือทั่วไป | On Shelf | |||||
| 6. | หนังสือ | WY152 ป545ก 2568 c.6 Barcode: 087855 | ►หนังสือทั่วไป | On Shelf | |||||
| 7. | หนังสือ | WY152 ป545ก 2568 c.7 Barcode: 087856 | ►หนังสือทั่วไป | On Shelf | |||||
| 8. | หนังสือ | WY152 ป545ก 2568 c.8 Barcode: 087857 | ►หนังสือทั่วไป | On Shelf | |||||
| 9. | หนังสือ | WY152 ป545ก 2568 c.9 Barcode: 087858 | ►หนังสือทั่วไป | On Shelf | |||||
| 10. | หนังสือ | WY152 ป545ก 2568 c.10 Barcode: 087859 | ►หนังสือทั่วไป | On Shelf | |||||
| [แสดง 10/10 รายการ] | |||||||||
BibComment |
| คอมเมนท์ทรัพยากรรายการนี้ |
|
|